Sea shells of the West Indies : (Record no. 28134)

MARC details
000 -LEADER
fixed length control field 00946cam a2200289 i 4500
001 - CONTROL NUMBER
control field 4130809
003 - CONTROL NUMBER IDENTIFIER
control field OSt
005 - DATE AND TIME OF LATEST TRANSACTION
control field 20220127112640.0
008 - FIXED-LENGTH DATA ELEMENTS--GENERAL INFORMATION
fixed length control field 761108s1975 enkabf b 001 0 eng
010 ## - LIBRARY OF CONGRESS CONTROL NUMBER
LC control number 76376313
015 ## - NATIONAL BIBLIOGRAPHY NUMBER
National bibliography number GB76-08249
020 ## - INTERNATIONAL STANDARD BOOK NUMBER
International Standard Book Number 0002192527 :
Terms of availability £4.95
040 ## - CATALOGING SOURCE
Original cataloging agency DLC
Transcribing agency hu
Modifying agency DLC
043 ## - GEOGRAPHIC AREA CODE
Geographic area code cc-----
-- nwjm---
050 00 - LIBRARY OF CONGRESS CALL NUMBER
Classification number QL423.A1
Item number H86 1975b
082 00 - DEWEY DECIMAL CLASSIFICATION NUMBER
Classification number 594/.04/7
100 1# - MAIN ENTRY--PERSONAL NAME
Personal name Humfrey, Michael,
Dates associated with a name 1936-
9 (RLIN) 28854
245 10 - TITLE STATEMENT
Title Sea shells of the West Indies :
Remainder of title a guide to the marine molluscs of the Caribbean /
Statement of responsibility, etc. Michael Humfrey.
260 ## - PUBLICATION, DISTRIBUTION, ETC.
Place of publication, distribution, etc. London :
Name of publisher, distributor, etc. Collins,
Date of publication, distribution, etc. 1975.
300 ## - PHYSICAL DESCRIPTION
Extent 351 p., 32 p. of plates :
Other physical details ill. (chiefly col.), maps ;
Dimensions 23 cm.
500 ## - GENERAL NOTE
General note Includes indexes.
504 ## - BIBLIOGRAPHY, ETC. NOTE
Bibliography, etc. note Bibliography: p. [335]-337.
650 #0 - SUBJECT ADDED ENTRY--TOPICAL TERM
Topical term or geographic name entry element Shells
Geographic subdivision Caribbean Area
General subdivision Identification.
9 (RLIN) 28855
650 #0 - SUBJECT ADDED ENTRY--TOPICAL TERM
Topical term or geographic name entry element Mollusks
Geographic subdivision Jamaica.
9 (RLIN) 28856
906 ## - LOCAL DATA ELEMENT F, LDF (RLIN)
a 7
b cbc
c orignew
d 4
e ncip
f 19
g y-gencatlg
942 ## - ADDED ENTRY ELEMENTS (KOHA)
Source of classification or shelving scheme Dewey Decimal Classification
Koha item type Books like text book referance book
Suppress in OPAC No
Holdings
Withdrawn status Lost status Source of classification or shelving scheme Damaged status Not for loan Collection code Home library Current library Shelving location Date acquired Total Checkouts Full call number Barcode Date last seen Copy number Price effective from Koha item type
    Dewey Decimal Classification     Reference Wondo Genet Library Wondo Genet Library General Stacks 01/27/2022   591.967 WIL 1967 WGCFNRL0001089 01/27/2022 1 01/27/2022 Books like text book referance book
    Dewey Decimal Classification     Reference Wondo Genet Library Wondo Genet Library General Stacks 01/27/2022   591.967 WIL 1967 WGCFNRL0001090 01/27/2022 2 01/27/2022 Books like text book referance book
    Dewey Decimal Classification     Reference Wondo Genet Library Wondo Genet Library General Stacks 01/27/2022   591.967 WIL 1967 WGCFNRL0001091 01/27/2022 3 01/27/2022 Books like text book referance book
    Dewey Decimal Classification     Reference Wondo Genet Library Wondo Genet Library General Stacks 01/27/2022   591.967 WIL 1967 WGCFNRL0001092 01/27/2022 4 01/27/2022 Books like text book referance book